[Event "Hannover-chB"]
[White "Ott, Wladislaw"]
[Black "Kratky, Daniel"]
[Site "Lehrte"]
[Round "5"]
[Result "0-1"]
[Date "2008.10.13"]
[WhiteElo "1528"]
[BlackElo "1626"]
[PlyCount "82"]
[EventDate "2008.10.11"]
[EventType "swiss"]
[EventRounds "7"]
[EventCountry "GER"]
[SourceTitle "EXT 2021"]
[Source "ChessBase"]
[SourceDate "2020.10.23"]
[SourceVersion "1"]
[SourceVersionDate "2020.10.23"]
[SourceQuality "1"]

1. d4 Nf6 2. Nf3 d5 3. e3 c6 4. Nbd2 Bg4 5. c4 e6 6. Qb3 Qb6 7. c5 Qc7 8. Qc3 Bxf3 9. gxf3 Nbd7 10. f4 b6 11. b4 Be7 12. Bd3 bxc5 13. bxc5 0-0 14. Ke2 Nh5 15. Qc2 g6 16. Bb2 f5 17. Rag1 Rfb8 18. Nf3 Bf6 19. Ba1 a5 20. Ng5 Bxg5 21. Rxg5 Kf7 22. Bc3 a4 23. a3 Ndf6 24. f3 Rb3 25. Bb4 Nxf4+ 26. exf4 Qxf4 27. Rgg1 Qxd4 28. Rb1 Nh5 29. Bd2 Rab8 30. Rxb3 Rxb3 31. Be3 Nf4+ 32. Bxf4 Qxf4 33. Qc1 Qd4 34. Rd1 Qe5+ 35. Qe3 Qxh2+ 36. Ke1 Rb2 37. Rd2 Qh1+ 38. Bf1 Rb1+ 39. Rd1 Rxd1+ 40. Kxd1 Qxf1+ 41. Kc2 Qc4+ 0-1

[Event "Hannover-chB"]
[White "Von Muenchhausen, Joerg"]
[Black "Ott, Wladislaw"]
[Site "Lehrte"]
[Round "6"]
[Result "1/2-1/2"]
[Date "2008.10.13"]
[WhiteElo "1570"]
[BlackElo "1528"]
[PlyCount "87"]
[EventDate "2008.10.11"]
[EventType "swiss"]
[EventRounds "7"]
[EventCountry "GER"]
[SourceTitle "EXT 2021"]
[Source "ChessBase"]
[SourceDate "2020.10.23"]
[SourceVersion "1"]
[SourceVersionDate "2020.10.23"]
[SourceQuality "1"]

1. d4 d5 2. c4 Nc6 3. Nf3 Bg4 4. Bf4 Nf6 5. e3 e6 6. Nc3 Bd6 7. Bg3 0-0 8. c5 Bxg3 9. hxg3 b6 10. a3 bxc5 11. dxc5 e5 12. Qc2 d4 13. Ne4 Bf5 14. Bd3 Bg6 15. 0-0-0 Ng4 16. Rh4 f5 17. Bc4+ Kh8 18. Neg5 Qf6 19. Rdh1 h6 20. Ne6 Rfc8 21. exd4 Nxd4 22. Nexd4 exd4 23. Rd1 d3 24. Rxd3 Ne5 25. Re3 f4 26. Re4 Bxe4 27. Qxe4 Nxc4 28. Qxc4 Rab8 29. Nd4 fxg3 30. fxg3 Qg5+ 31. Kb1 Qg6+ 32. Ka1 Qxg3 33. Nf5 Qe1+ 34. Ka2 Qd2 35. Qd4 Qxd4 36. Rxd4 Rd8 37. b4 Rxd4 38. Nxd4 Kg8 39. Kb3 Kf7 40. Kc4 g5 41. Nb5 Rb7 42. c6 Rb6 43. Kc5 Ke7 44. Nxc7 1/2-1/2

[Event "Hannover-chB"]
[White "Ott, Wladislaw"]
[Black "Manusina, Nicole"]
[Site "Lehrte"]
[Round "1"]
[Result "1/2-1/2"]
[Date "2008.10.11"]
[WhiteElo "1528"]
[BlackElo "1630"]
[PlyCount "45"]
[EventDate "2008.10.11"]
[EventType "swiss"]
[EventRounds "7"]
[EventCountry "GER"]
[SourceTitle "EXT 2021"]
[Source "ChessBase"]
[SourceDate "2020.10.23"]
[SourceVersion "1"]
[SourceVersionDate "2020.10.23"]
[SourceQuality "1"]

1. d4 d5 2. Nf3 c6 3. e3 Nf6 4. c4 e6 5. Nc3 Nbd7 6. Ne5 Bd6 7. f4 c5 8. cxd5 Nxd5 9. Qf3 Nb4 10. Qd1 cxd4 11. exd4 Bxe5 12. dxe5 0-0 13. a3 Nc6 14. Be3 a6 15. Qh5 f6 16. Bd3 f5 17. Rd1 Qe7 18. 0-0 b5 19. Rf3 g6 20. Rg3 Kh8 21. Rxg6 Bb7 22. Bc2 Rg8 23. Rg3 1/2-1/2

[Event "Hannover-chA"]
[White "Wenzel, Wolfgang"]
[Black "Ott, Wladislaw"]
[Site "Bueckeburg"]
[Round "7"]
[Result "0-1"]
[Date "2007.11.04"]
[WhiteElo "1314"]
[BlackElo "1344"]
[PlyCount "80"]
[EventDate "2007.11.01"]
[EventType "swiss"]
[EventRounds "7"]
[EventCountry "GER"]
[SourceTitle "EXT 2021"]
[Source "ChessBase"]
[SourceDate "2020.10.23"]
[SourceVersion "1"]
[SourceVersionDate "2020.10.23"]
[SourceQuality "1"]

1. e4 Nf6 2. e5 Nd5 3. c4 Nb6 4. d4 d6 5. f4 dxe5 6. fxe5 Nc6 7. Be3 Bf5 8. a3 e6 9. Nf3 Be7 10. Be2 0-0 11. 0-0 f6 12. exf6 Bxf6 13. Nc3 Qe7 14. Qb3 Rad8 15. Rad1 a6 16. d5 Na5 17. Qb4 Qxb4 18. axb4 Naxc4 19. Bxb6 Nxb6 20. dxe6 Bxe6 21. Ne4 Bxb2 22. Nc5 Bc8 23. Ng5 Rxf1+ 24. Rxf1 Bf6 25. Nge6 Bxe6 26. Nxe6 Re8 27. Bg4 Nd5 28. Bf3 c6 29. Bxd5 cxd5 30. Nc7 Rd8 31. Rd1 d4 32. Ne6 Rd6 33. Nc5 Rb6 34. Nd3 Be7 35. Rc1 Bxb4 36. Rc8+ Bf8 37. Rb8 Rb5 38. Kf2 Kf7 39. Kf3 Be7 40. Ke4 Bf6 0-1

[Event "Hannover-chA"]
[White "Ott, Wladislaw"]
[Black "Fink, Johannes"]
[Site "Bueckeburg"]
[Round "4"]
[Result "1/2-1/2"]
[Date "2007.11.02"]
[WhiteElo "1344"]
[BlackElo "1388"]
[PlyCount "22"]
[EventDate "2007.11.01"]
[EventType "swiss"]
[EventRounds "7"]
[EventCountry "GER"]
[SourceTitle "EXT 2021"]
[Source "ChessBase"]
[SourceDate "2020.10.23"]
[SourceVersion "1"]
[SourceVersionDate "2020.10.23"]
[SourceQuality "1"]

1. d4 Nf6 2. Nf3 g6 3. Bg5 Bg7 4. Nbd2 0-0 5. e4 d6 6. Bd3 Nbd7 7. 0-0 c5 8. c3 b6 9. Qe2 Bb7 10. e5 dxe5 11. Nxe5 Nxe5 1/2-1/2

[Event "Hannover-chA"]
[White "Bahlmann, Tim"]
[Black "Ott, Wladislaw"]
[Site "Bueckeburg"]
[Round "1"]
[Result "0-1"]
[Date "2007.11.01"]
[WhiteElo "854"]
[BlackElo "1344"]
[PlyCount "78"]
[EventDate "2007.11.01"]
[EventType "swiss"]
[EventRounds "7"]
[EventCountry "GER"]
[SourceTitle "EXT 2021"]
[Source "ChessBase"]
[SourceDate "2020.10.23"]
[SourceVersion "1"]
[SourceVersionDate "2020.10.23"]
[SourceQuality "1"]

1. Nf3 Nf6 2. d4 e6 3. g3 b6 4. Nbd2 Bb7 5. Bg2 c5 6. c4 cxd4 7. 0-0 Qc7 8. b3 e5 9. Bb2 Be7 10. Re1 d6 11. e3 dxe3 12. Rxe3 0-0 13. Qc2 Na6 14. Ba3 Rac8 15. h4 Ng4 16. Rc3 f5 17. Ng5 Bxg5 18. hxg5 Bxg2 19. Kxg2 b5 20. cxb5 Qxc3 21. Qxc3 Rxc3 22. bxa6 Rc2 23. Nf1 Rxf2+ 24. Kg1 Rd8 25. Rc1 Rd7 26. Rc3 Rxa2 27. b4 e4 28. Ne3 Nxe3 29. Rxe3 d5 30. Rb3 d4 31. b5 d3 32. Bb4 d2 33. Bxd2 Rdxd2 34. Rb1 Rdb2 35. Rf1 Rxb5 36. g4 h6 37. Kh1 Rbb2 38. gxf5 Rh2+ 39. Kg1 Rag2# 0-1

[Event "Hannover-chA"]
[White "Ott, Wladislaw"]
[Black "Brueckner, Michael"]
[Site "Bueckeburg"]
[Round "2"]
[Result "1-0"]
[Date "2007.11.01"]
[WhiteElo "1344"]
[BlackElo "1303"]
[PlyCount "61"]
[EventDate "2007.11.01"]
[EventType "swiss"]
[EventRounds "7"]
[EventCountry "GER"]
[SourceTitle "EXT 2021"]
[Source "ChessBase"]
[SourceDate "2020.10.23"]
[SourceVersion "1"]
[SourceVersionDate "2020.10.23"]
[SourceQuality "1"]

1. d4 d5 2. Nf3 Nf6 3. e3 Bg4 4. c4 e6 5. Qb3 b6 6. Ne5 Nbd7 7. Qa4 Be7 8. Nc6 Qc8 9. cxd5 a5 10. Nxe7 Kxe7 11. dxe6 Bxe6 12. Nc3 c6 13. g3 b5 14. Qc2 Re8 15. Bg2 Ra6 16. 0-0 Kf8 17. e4 g6 18. Bh6+ Kg8 19. h3 Nf8 20. Rac1 Bxh3 21. e5 Bxg2 22. Kxg2 Nh5 23. Nxb5 Qd7 24. Nd6 Re6 25. Rh1 f6 26. f4 fxe5 27. fxe5 Re7 28. Qc4+ Qe6 29. Qxa6 Qd5+ 30. Kh2 Qxd4 31. Qc4+ 1-0